[Event "Pan American-ch U18"]
[Site "Guayaquil"]
[Date "2019.07.24"]
[Round "5"]
[White "Veliz, Ariel"]
[Black "Mayeregger, Arnold"]
[Result "0-1"]
[WhiteElo "2102"]
[BlackElo "1977"]
[PlyCount "76"]
[EventDate "2019.07.21"]
[EventType "swiss"]
[EventRounds "9"]
[EventCountry "ECU"]
[SourceTitle "EXT 2020"]
[Source "ChessBase"]
[SourceDate "2019.10.17"]
[SourceVersion "1"]
[SourceVersionDate "2019.10.17"]
[SourceQuality "1"]

1. c4 c5 2. Nc3 e6 3. Nf3 Nf6 4. g3 b6 5. Bg2 Bb7 6. b3 Be7 7. Bb2 0-0 8. 0-0 d6 9. Re1 Nbd7 10. Qc2 a6 11. e4 Rc8 12. Rad1 Qc7 13. d4 cxd4 14. Nxd4 Rfe8 15. Qd2 Bf8 16. h3 Rcd8 17. Kh2 Qb8 18. f4 h6 19. Qc2 Rc8 20. Qd2 Red8 21. Qe3 Be7 22. Ba3 Qa8 23. Rd2 Nc5 24. Qe2 Bf8 25. Bb2 d5 26. e5 Nfe4 27. Nxe4 Nxe4 28. Rc2 Bb4 29. Rd1 Bc5 30. Qg4 dxc4 31. bxc4 b5 32. f5 Bxd4 33. Bxd4 exf5 34. Qxf5 Ng5 35. e6 fxe6 36. Qg6 Rxd4 37. Rxd4 Bxg2 38. Rf2 Be4 0-1

[Event "ARG-ch U16"]
[Site "Villa Martelli"]
[Date "2018.02.09"]
[Round "1.4"]
[White "Pamies, Luciano"]
[Black "Veliz, Ariel"]
[Result "0-1"]
[WhiteElo "1503"]
[BlackElo "1975"]
[PlyCount "92"]
[EventDate "2018.02.09"]
[EventType "swiss"]
[EventRounds "9"]
[EventCountry "ARG"]
[SourceTitle "EXT 2024"]
[Source "ChessBase"]
[SourceDate "2023.10.10"]
[SourceVersion "1"]
[SourceVersionDate "2023.10.10"]
[SourceQuality "1"]

1. d4 d5 2. c4 c6 3. cxd5 cxd5 4. Nc3 Nf6 5. Bf4 Nc6 6. e3 a6 7. Bd3 e6 8. a3 Bd6 9. Bxd6 Qxd6 10. f4 b5 11. Nf3 Na5 12. 0-0 Bb7 13. b3 Rc8 14. Ne2 0-0 15. h3 Ne4 16. Bxe4 dxe4 17. Nd2 Bd5 18. Qb1 f5 19. Qb2 h6 20. Rac1 g5 21. Kf2 Kg7 22. Rc3 b4 23. Rxc8 Rxc8 24. a4 gxf4 25. Nxf4 Rc3 26. Ne2 Qc6 27. Nxc3 bxc3 28. Qa3 cxd2 29. Qe7+ Kg6 30. Qf8 Qc7 31. Ke2 Nxb3 32. Qg8+ Qg7 33. Qxg7+ Kxg7 34. Rg1 Bc6 35. a5 Bb5+ 36. Kd1 Ba4 37. Kc2 h5 38. g4 hxg4 39. Rg3 Be8 40. hxg4 fxg4 41. Kd1 Kf6 42. Kc2 Kg5 43. Rg1 Ba4 44. Rh1 g3 45. Kc3 Nxd4 46. Kxd2 g2 0-1

[Event "La Plata Maderna Memorial"]
[Site "La Plata"]
[Date "2016.06.28"]
[Round "5.6"]
[White "Ferreyra, Gustavo"]
[Black "Veliz, Ariel"]
[Result "1/2-1/2"]
[WhiteElo "1761"]
[BlackElo "1696"]
[PlyCount "66"]
[EventDate "2016.06.14"]
[EventType "swiss"]
[EventRounds "7"]
[EventCountry "ARG"]
[SourceTitle "EXT 2024"]
[Source "ChessBase"]
[SourceDate "2023.10.10"]
[SourceVersion "1"]
[SourceVersionDate "2023.10.10"]
[SourceQuality "1"]

1. d4 Nf6 2. c4 e6 3. Nf3 d5 4. g3 Be7 5. Bg2 0-0 6. 0-0 b6 7. cxd5 exd5 8. Nc3 Bb7 9. Bf4 Nh5 10. Bd2 Re8 11. Rc1 Na6 12. a3 c5 13. dxc5 Nxc5 14. Nd4 Nf6 15. Re1 a6 16. Nf5 Bf8 17. Bg5 Re5 18. Bh3 h6 19. Bf4 Re8 20. b4 Ne6 21. Be3 b5 22. Nd4 Rc8 23. Qb3 Rc4 24. Nxe6 fxe6 25. Nb1 Qc7 26. Qb2 Ne4 27. Bg2 Nd6 28. Bf4 Qd7 29. Nd2 Rxc1 30. Rxc1 Rc8 31. Bh3 Nc4 32. Nxc4 Rxc4 33. Rd1 Bd6 1/2-1/2